[Event "II Oliver Gonzalez Memorial"]
[Site "Madrid ESP"]
[Date "2011.10.16"]
[Round "9.1"]
[White "Arribas Lopez,A"]
[Black "Larino Nieto,D"]
[Result "1/2-1/2"]
[WhiteElo "2440"]
[BlackElo "2455"]

1.Nf3 Nf6 2.c4 g6 3.Nc3 d6 4.d4 Bg7 5.e4 O-O 6.Be2 e5 7.d5 a5 8.O-O Na6 9.Bg5 h6
10.Bh4 Nc5 11.Nd2 Bd7 12.b3 Qe8 13.Qc2 h5 14.Rab1 Nh7 15.f3 Bh6 16.Bf2 b6
17.a3 Qe7 18.b4 Nb7 19.Nb3 a4 20.Nc1 Qg5 21.Rd1 h4 22.Bf1 f5 23.Nd3 Nf6 24.Re1 h3
25.c5 fxe4 26.Nxe4 Nxe4 27.Rxe4 hxg2 28.Bxg2 Bf5 29.h4 Qd2 30.Qxd2 Bxd2 31.cxb6 Bxe4
32.fxe4 cxb6 33.Rd1 Bh6 34.Bh3  1/2-1/2

[Event "Chigorin Memorial Open"]
[Site "St Petersburg RUS"]
[Date "2011.10.16"]
[Round "3.59"]
[White "Kanter,E"]
[Black "Rjanova,V"]
[Result "1-0"]
[WhiteElo "2406"]
[BlackElo "2187"]

1.d4 Nf6 2.c4 g6 3.Nc3 Bg7 4.e4 O-O 5.Nf3 d6 6.Be2 e5 7.Be3 Ng4 8.Bg5 f6
9.Bc1 f5 10.exf5 Bxf5 11.h3 Nf6 12.dxe5 dxe5 13.Be3 Qxd1+ 14.Rxd1 Nc6 15.O-O Rad8
16.Nb5 Rxd1 17.Rxd1 e4 18.Nfd4 Nxd4 19.Bxd4 c6 20.Nd6 b6 21.c5 b5 22.a4 a6
23.axb5 axb5 24.Ra1 Be6 25.Ra7 Bd5 26.Bg4 Bh6 27.Nc8 Rf7 28.Ne7+ Kf8 29.Nxd5 Nxd5
30.Ra8+ Ke7 31.Ra7+ Kf8 32.Ra8+ Ke7 33.Rc8 Nf6 34.Rc7+ Ke8 35.Rc8+ Ke7 36.Rxc6 Nxg4
37.hxg4 Bd2 38.Rb6 Rf4 39.Rxb5 Rxg4 40.c6 Kd6 41.Rc5 Rg5 42.Rc2 Ba5 43.b4 Bd8
44.Bf6  1-0

[Event "TCh-FIN SM-Liiga 2011-12"]
[Site "Tampere FIN"]
[Date "2011.10.16"]
[Round "4.2"]
[White "Lehtinen,H"]
[Black "Hartikainen,M"]
[Result "1/2-1/2"]
[WhiteElo "2401"]
[BlackElo "2294"]

1.Nf3 Nf6 2.c4 g6 3.Nc3 Bg7 4.e4 d6 5.d4 O-O 6.Be2 e5 7.Be3 Ng4 8.Bg5 f6
9.Bh4 g5 10.Bg3 Nh6 11.d5 Nd7 12.Nd2 f5 13.exf5 Nf6 14.Nde4 Nxe4 15.Nxe4 Bxf5
16.Bd3 g4 17.O-O Qe8 18.c5 Qg6 19.Re1 Kh8 20.Rc1 Rac8 21.Bb1 Nf7 22.Qa4 b6
23.cxd6 cxd6 24.Rxc8 Rxc8 25.Bh4 h5 26.g3 Qh6 27.Kg2 a5 28.Qb5 Bxe4+ 29.Bxe4 Bf6
30.Qd7 Rf8 31.Qf5 Bxh4 32.gxh4 Kg7 33.Rc1 Nh8 34.Qg5+ Qxg5 35.hxg5 Ng6 36.Rc6 Nh4+
37.Kg3 Nf5+ 38.Bxf5 Rxf5 39.Rxd6 Rf3+ 40.Kg2 Rd3 41.Rxb6 Rxd5 42.h4 Rd2 43.a3 e4
44.Re6 Rxb2 45.Rxe4 Rb3 46.Ra4 Rb5 47.f3 Rb2+ 48.Kg1 gxf3 49.Rxa5 Rg2+ 50.Kf1 Rg4
51.Ra7+ Kg6 52.Ra6+ Kg7 53.Ra7+ Kg6 54.Ra6+ Kg7 55.Kf2 Rxh4 56.Kxf3 Rg4 57.g6 Rc4
58.a4 h4 59.a5 Ra4 60.Kg2 Ra3 61.Kh2 Kh6 62.Kg2 Kg7 63.Kh2 Kh6 64.Kg2  1/2-1/2

[Event "Indonesia Open"]
[Site "Jakarta INA"]
[Date "2011.10.17"]
[Round "6.18"]
[White "Guramishvili,S"]
[Black "Zhao Jun"]
[Result "0-1"]
[WhiteElo "2359"]
[BlackElo "2587"]

1.d4 Nf6 2.c4 g6 3.Nc3 Bg7 4.e4 d6 5.Be2 O-O 6.Be3 e5 7.Nf3 Na6 8.O-O c6
9.dxe5 dxe5 10.c5 Ng4 11.Qxd8 Rxd8 12.Bg5 f6 13.Bxa6 bxa6 14.Bc1 Bf8 15.h3 Nh6
16.Be3 Rb8 17.b3 Nf7 18.Rfd1 Rxd1+ 19.Rxd1 f5 20.Na4 Be6 21.Ng5 Nxg5 22.Bxg5 Kf7
23.Rd8 Rb4 24.Ra8 Rb7 25.Bf6 fxe4 26.Bxe5 Rd7 27.Bd6 Bg7 28.Kf1 g5 29.Ke2 Kg6
30.Re8 Kf7 31.Ra8 h5 32.Bb8 g4 33.h4 Kg6 34.Rxa7 Rxa7 35.Bxa7 g3 36.fxg3 Bd4
37.Bb6 Bg4+ 38.Ke1 e3 39.Ba5 Be5 40.Nc3 Bxg3+ 41.Kf1 Bxh4 42.Ne2 Kf5 43.Bc7 Ke4
44.g3 Bf6 45.Nf4 Bc3 46.Bd6 Kf3  0-1

[Event "Indonesia Open"]
[Site "Jakarta INA"]
[Date "2011.10.17"]
[Round "7.14"]
[White "Paragua,M"]
[Black "Sitanggang,S"]
[Result "1-0"]
[WhiteElo "2533"]
[BlackElo "2376"]

1.d4 Nf6 2.c4 d6 3.Nf3 g6 4.Nc3 Bg7 5.e4 O-O 6.Be2 Na6 7.O-O e5 8.Be3 Ng4
9.Bg5 Qe8 10.c5 h6 11.Bh4 g5 12.Bg3 exd4 13.Nxd4 dxc5 14.Nf5 Bxf5 15.exf5 Nf6
16.Bxa6 bxa6 17.Qf3 Qb8 18.Be5 Re8 19.Bxf6 Bxf6 20.Nd5 Qd8 21.Rac1 Rb8 22.Rxc5 Rb5
23.Rxb5 axb5 24.Rd1 c6 25.Ne3 Qc7 26.Ng4 Bg7 27.f6 Bf8 28.g3 Re6 29.Qf5 Rd6
30.Re1 Rd5 31.Qf3 Qd7 32.h3 a5 33.Kg2 a4 34.Qe4 h5 35.Ne3 Rc5 36.Rd1 Qe6
37.Qf3 Bd6 38.a3 Kf8 39.Qxh5 Qxf6 40.Ng4 Qe6 41.Kf1 Qc4+ 42.Kg1 Qe6 43.Rd3 Kg7
44.Ne3 Be7 45.Kh2 Qg6 46.Qd1 Qf6 47.Qd2 Kf8 48.Ng4 Qf5 49.Qe2 Rc4 50.Ne3 Re4
51.Kg2  1-0

[Event "Indonesia Open"]
[Site "Jakarta INA"]
[Date "2011.10.17"]
[Round "7.27"]
[White "Aray,A"]
[Black "Mahmud,S"]
[Result "1-0"]
[WhiteElo "2256"]
[BlackElo "2315"]

1.d4 Nf6 2.c4 g6 3.Nc3 Bg7 4.e4 d6 5.Be2 O-O 6.Nf3 e5 7.O-O Na6 8.d5 Nc5
9.Qc2 a5 10.Ne1 b6 11.b3 Ne8 12.Nd3 f5 13.Nxc5 bxc5 14.Bd3 f4 15.f3 Bd7 16.a4 Qe7
17.Nb5 h5 18.Bd2 g5 19.Kf2 g4 20.Ke2 Rf6 21.Qd1 Rg6 22.Rg1 Bf6 23.Qe1 Bh4
24.Qf1 Qg7 25.Bc2 c6 26.dxc6 Bxc6 27.Bc3 gxf3+ 28.gxf3 Rxg1 29.Qxg1 Qxg1
30.Rxg1+ Kf7 31.Bd2 Ra6 32.Bc3 Bd7 33.Bd1 Bd8 34.Be1 Ng7 35.Kd3 Ne6 36.Be2 Nd4
37.Nxd4 cxd4 38.Kc2 Be7 39.Bd3 Ra8 40.Bd2 Bh4 41.Bc1 Bf2 42.Rg2 Be3 43.Ba3 Bh3
44.Rg5  1-0

[Event "Indonesia Open"]
[Site "Jakarta INA"]
[Date "2011.10.17"]
[Round "7.9"]
[White "Moradiabadi,E"]
[Black "Ahmadinia,E"]
[Result "0-1"]
[WhiteElo "2549"]
[BlackElo "2430"]

1.d4 g6 2.c4 Bg7 3.Nc3 Nf6 4.e4 d6 5.Nf3 O-O 6.Be2 e5 7.O-O Na6 8.Be3 Ng4
9.Bg5 Qe8 10.dxe5 dxe5 11.c5 f6 12.Bxa6 bxa6 13.Bd2 c6 14.h3 Nh6 15.Qa4 Rb8
16.b3 Nf7 17.Rad1 f5 18.Rfe1 f4 19.Bc1 g5 20.Nh2 h5 21.f3 Rb7 22.Ba3 Re7
23.Nb1 g4 24.hxg4 Bf6 25.gxh5 Bh4 26.Qc4 Bxe1 27.Rxe1 Kh7 28.Kf2 Rg8 29.Rh1 Nh6
30.Nf1 Rg5 31.Bb2 Reg7 32.Rh2 Rxh5 33.Qc3 Rxh2 34.Nxh2 Qg8 35.Nf1 Rxg2+ 36.Ke1 Nf7
37.Nbd2 Rg1 38.Qc4 Bh3 39.Qe2 Qg3+ 40.Qf2 Qxf2+ 41.Kxf2 Rg2+ 42.Ke1 Be6 43.Bc3 Kg6
44.Ba5 Kf6 45.Bc7 Bh3 46.a3 Ke6 47.b4 Kd7 48.Bb8 Kc8 49.Bxa7 Ng5 50.Bb6 Rg1
51.Kf2 Rh1 52.Ba5 Nxf3 53.Nxf3 Rxf1+ 54.Ke2 Ra1 55.Nxe5 Bg2 56.Nd3 Bf1+  0-1

[Event "Chigorin Memorial Open"]
[Site "St Petersburg RUS"]
[Date "2011.10.17"]
[Round "4.28"]
[White "Kovalenko,I"]
[Black "Monin,N"]
[Result "1/2-1/2"]
[WhiteElo "2578"]
[BlackElo "2365"]

1.Nf3 Nf6 2.d4 g6 3.c4 Bg7 4.Nc3 O-O 5.e4 d6 6.Be2 Nbd7 7.O-O e5 8.Re1 c6
9.dxe5 dxe5 10.Qc2 Re8 11.h3 Qc7 12.Be3 Nf8 13.Rad1 Nh5 14.c5 Nf4 15.Bf1 h6
16.Kh2 Nh7 17.g3 Ne6 18.Qc1 Qe7 19.Bg2 Nhg5 20.Ng1 Nd4 21.f4 Nge6 22.f5 Nxc5
23.Bxh6 gxf5 24.Bxg7 Kxg7 25.Rxd4 exd4 26.exf5 Qxe1 27.Qg5+ Kf8 28.f6 Re5
29.Qg7+ Ke8 30.Nf3 Qe3 31.Qg8+ Kd7 32.Nd1 Qe2 33.Qxf7+ Kd6 34.b4 Bxh3 35.bxc5+ Rxc5
36.Kxh3 Rh8+ 37.Nh4 Qe6+ 38.Qxe6+ Kxe6 39.Nf2 Rf5 40.Ne4 c5 41.g4 Rxf6 42.Nxc5+ Ke7
43.Kg3 Rxh4 44.Kxh4 Rf2 45.Bxb7 Rxa2 46.Kg3 Rc2 47.Na6 d3 48.Kf3 d2 49.Ke2 Kf6
50.Be4 Rc4 51.Bd3  1/2-1/2

[Event "III Curitiba ITT"]
[Site "Curitiba BRA"]
[Date "2011.10.18"]
[Round "7"]
[White "Cruz,Will"]
[Black "Blit,J"]
[Result "0-1"]
[WhiteElo "2161"]
[BlackElo "2299"]

1.d4 d6 2.c4 Nf6 3.Nf3 g6 4.Nc3 Bg7 5.e4 O-O 6.Be2 e5 7.O-O exd4 8.Nxd4 Re8
9.f3 Nc6 10.Be3 Nh5 11.Re1 f5 12.Bf1 f4 13.Nxc6 bxc6 14.Bd4 Bxd4+ 15.Qxd4 c5
16.Qd2 Re5 17.Nd5 Be6 18.Rad1 g5 19.Qa5 Bxd5 20.Rxd5 c6 21.Qxd8+ Rxd8 22.Rd2 Kf8
23.Rc1 Ng7 24.Rc3 Ne6 25.Ra3 Rd7 26.Ra6 Nd4 27.b4 Rb7 28.b5 cxb5 29.cxb5 Rd7
30.Bc4 Re8 31.a4 Rb8 32.Rb2 Rb6 33.Rxb6 axb6 34.a5 bxa5 35.b6 Rb7 36.Bd5 Rb8
37.b7 Ke7 38.Ra2 Kd7 39.Rxa5 Nc6 40.Ra6 Nb4 41.Ra8 Kc7 42.Bc4 Kxb7 43.Ra1 Ra8
44.Rd1 Kc7 45.h4 h6 46.hxg5 hxg5 47.Kf2 Ra3 48.g3 Rc3 49.Be2 Nc6 50.gxf4 gxf4
51.Ra1 Rc2 52.Ke1 Nd4 53.Bd1 Rh2 54.Ra7+ Kb6 55.Rd7 Kb5 56.Rxd6 Kb4 57.Rd5 Kc4
58.Rd8 Kd3 59.Ba4 Ke3 60.Kf1 Nxf3  0-1

[Event "Chigorin Memorial Open"]
[Site "St Petersburg RUS"]
[Date "2011.10.18"]
[Round "5.33"]
[White "Karasev,Vl"]
[Black "Sakaev,K"]
[Result "1/2-1/2"]
[WhiteElo "2372"]
[BlackElo "2609"]

1.d4 Nf6 2.c4 g6 3.Nc3 Bg7 4.e4 d6 5.Nf3 O-O 6.Be2 e5 7.d5 a5 8.O-O Na6 9.Be3 Ng4
10.Bg5 f6 11.Bd2 f5 12.Ng5 Nf6 13.exf5 gxf5 14.f4 Qe8 15.fxe5 dxe5 16.Kh1 h6
17.Nf3 e4 18.Nd4 e3 19.Be1 Ne4 20.Nxe4 Qxe4 21.Bc3 Bd7 22.Bf3 Qe7 23.Bxa5 Qc5
24.Bc3 Qxc4 25.Ne6 Bxe6 26.dxe6 Rfd8 27.Qc2 Qxe6 28.Bxb7 Ra7 29.Bxa6 Rxa6
30.Bxg7 Kxg7 31.Qxc7+ Rd7 32.Qg3+ Kh7 33.Rae1 Re7 34.Qf3 Rxa2 35.Rxe3 Qxe3
36.Qxf5+ Kg7 37.Qf8+ Kh7 38.Qf5+ Kg7 39.Qf8+ Kh7 40.Qf5+ Kg7  1/2-1/2

[Event "49th ch-IND NatA"]
[Site "Aurangabad IND"]
[Date "2011.10.19"]
[Round "11"]
[White "Sundararajan,K"]
[Black "Shashikant,K"]
[Result "1-0"]
[WhiteElo "2474"]
[BlackElo "2300"]

1.d4 Nf6 2.c4 g6 3.Nc3 Bg7 4.e4 d6 5.Nf3 O-O 6.Be2 e5 7.O-O Nbd7 8.Be3 Re8
9.d5 Nh5 10.Re1 Bf8 11.b4 Ng7 12.Rc1 f5 13.exf5 gxf5 14.Bg5 Be7 15.Bxe7 Rxe7
16.c5 Nf6 17.a4 f4 18.Bd3 Bg4 19.Ne4 Nxe4 20.Bxe4 Nf5 21.Qd3 Bxf3 22.Bxf5 Bh5
23.Rc3 Rg7 24.cxd6 Qg5 25.g3 cxd6 26.Rec1 Rf8 27.Rc8 Be8 28.Be6+ Kh8 29.R1c7 Rxc7
30.Rxc7 Bg6 31.Qc3 fxg3 32.hxg3 Qf6 33.Qe3 Be4 34.Rxb7 Qg6 35.Rf7 Rxf7 36.Bxf7 Qg4
37.Kh2 Bf5 38.f4 Qg7 39.Qxa7 Qh6+ 40.Kg1 Qf6 41.Qb8+ Kg7 42.Qg8+  1-0

[Event "5th SPICE Cup GpB"]
[Site "Lubbock USA"]
[Date "2011.10.19"]
[Round "8"]
[White "Arnold,Mar"]
[Black "Mogranzini,R"]
[Result "1-0"]
[WhiteElo "2505"]
[BlackElo "2439"]

1.d4 Nf6 2.Nf3 g6 3.c4 Bg7 4.Nc3 O-O 5.e4 d6 6.Be2 Na6 7.O-O e5 8.Be3 Ng4
9.Bg5 Qe8 10.dxe5 dxe5 11.Nd2 Nh6 12.c5 f6 13.Be3 c6 14.Nc4 Nf7 15.Qb3 Qe7
16.Nd6 Kh8 17.Rfd1 Nd8 18.Bxa6 bxa6 19.Qa4 Qc7 20.Rd2 f5 21.f3 f4 22.Bf2 g5
23.Nxc8 Qxc8 24.Rad1 g4 25.Rd7 Ne6 26.R1d6 g3 27.hxg3 fxg3 28.Bxg3 Nxc5 29.Rxg7 Kxg7
30.Bxe5+ Kf7 31.Qc4+ Ne6 32.Rxc6 Qd7 33.Rc7  1-0

[Event "Chigorin Memorial Open"]
[Site "St Petersburg RUS"]
[Date "2011.10.19"]
[Round "6.39"]
[White "Krylov,M RUS"]
[Black "Chigaev,M"]
[Result "1-0"]
[WhiteElo "2471"]
[BlackElo "2289"]

1.d4 Nf6 2.c4 g6 3.Nc3 Bg7 4.e4 d6 5.Nf3 O-O 6.Be2 e5 7.Be3 exd4 8.Nxd4 Re8
9.f3 c6 10.Bf2 d5 11.exd5 cxd5 12.O-O Nc6 13.c5 Nh5 14.Qd2 Be5 15.g3 Ng7
16.Rfd1 Be6 17.Bf1 Rc8 18.Nde2 Nf5 19.Nf4 Rc7 20.Bg2 Rd7 21.Nxe6 fxe6 22.f4 Bg7
23.Qe1 Nfd4 24.Rd2 Kh8 25.Qd1 Nf5 26.Qa4 Qa5 27.Qxa5 Nxa5 28.Re1 Nc4 29.Rxd5 Rde7
30.Rde5 Nxe5 31.fxe5 Nh6 32.Nb5 Nf7 33.Nd6 Rd8 34.Nxb7 Rd2 35.c6 Nxe5 36.Bc5 Rc7
37.Be3 Rxb2 38.Rd1 h6 39.Nd8 Ng4 40.Bc5 Rc2 41.Nxe6 Rxg2+ 42.Kxg2 Rxc6 43.Rd6 Rxd6
44.Bxd6 Be5 45.Bc5 a6 46.a4 Kg8 47.Bb4 Ne3+ 48.Kf3 Nf1 49.Nc5 Nxh2+ 50.Kg2 Ng4
51.Nxa6 Ne3+ 52.Kf3 Nd5 53.Bd2 Nb6 54.a5 Nc4 55.Bb4 h5 56.Nc5 g5 57.a6 Nb6
58.Nd3 Bb8 59.Bc5 Nc8 60.Be3 g4+ 61.Kf2 Kf7 62.Nf4 Bxf4 63.Bxf4 Ke6 64.Be3 Kf5
65.a7 Nxa7 66.Bxa7 Kg5 67.Bb6  1-0

[Event "Chigorin Memorial Open"]
[Site "St Petersburg RUS"]
[Date "2011.10.19"]
[Round "6.63"]
[White "Yakimenko,Alex"]
[Black "Kashlinskaya,A"]
[Result "1-0"]
[WhiteElo "2211"]
[BlackElo "2385"]

1.d4 Nf6 2.c4 g6 3.Nc3 Bg7 4.e4 d6 5.Nf3 O-O 6.Be2 Nbd7 7.O-O e5 8.Be3 Re8
9.d5 Nh5 10.g3 Bf8 11.Re1 Ng7 12.Bf1 f5 13.Bg2 Nf6 14.Bg5 Be7 15.Qd2 Rf8
16.Rac1 f4 17.gxf4 Nfh5 18.fxe5 dxe5 19.Bxe7 Qxe7 20.Qg5 Qf7 21.Nd1 Nf4 22.Rc3 Ngh5
23.Nxe5 Qg7 24.Ng4 Qd4 25.Rce3 Nxg2 26.Kxg2 Qxc4 27.Rc3 Qd4 28.Nh6+ Kh8 29.Rxc7 Nf4+
30.Kh1 Bh3 31.Qe7 Bg2+ 32.Kg1 Nh3+ 33.Kxg2 Rxf2+ 34.Kxh3  1-0

[Event "Chigorin Memorial Open"]
[Site "St Petersburg RUS"]
[Date "2011.10.19"]
[Round "6.20"]
[White "Volkov,Sergey1"]
[Black "Kovalev,Vl"]
[Result "1/2-1/2"]
[WhiteElo "2614"]
[BlackElo "2452"]

1.d4 Nf6 2.c4 g6 3.Nc3 Bg7 4.e4 d6 5.Be2 O-O 6.Nf3 e5 7.Be3 exd4 8.Nxd4 Re8
9.f3 c6 10.Bf2 d5 11.exd5 cxd5 12.O-O Nc6 13.c5 Nh5 14.Qd2 Be5 15.g3 Ng7
16.Rfe1 Ne6 17.Nxe6 Bxe6 18.f4 Bxc3 19.bxc3 Bf5 20.Rad1 Be4 21.c4 dxc4 22.Qb2 Bd3
23.Qxb7 Qd5 24.Bg4 Red8 25.Qb2 Nd4 26.Re5 Nf3+ 27.Bxf3 Qxf3 28.Rde1 Rab8
29.Qc1 Rb1 30.Qc3 Be4 31.Qxf3 Rxe1+ 32.Bxe1 Bxf3 33.Kf2 Rd3 34.Re3 Rxe3 35.Kxe3 Bc6
36.Kd4 f6 37.Kxc4 Kf7 38.Kb4 f5 39.Ka5 Ke7 40.Ka6 Kd7 41.Kxa7 h5 42.Kb6 Bh1
43.Bc3 Bg2 44.Bf6 Bh1 45.a4 Bc6 46.a5 Bh1 47.a6 Bg2 48.Be5 Bh1 49.Kb5 Bg2
50.Kb4 Bc6 51.Kc4 Ke6 52.Kd4 Ba8 53.Ke3 Bc6 54.Bd6 Bb5 55.a7 Bc6 56.Kd4 Ba8
57.Bc7 Bc6 58.Bb6 Ba8 59.Bd8 Bc6 60.Ke3 Ba8 61.Bb6 Bc6 62.Kf2 Ba8 63.Kg1 Bc6
64.Kf2 Ba8 65.Bd8 Bc6 66.Bg5 Ba8 67.Bh6 Bc6 68.h3 Ba8 69.Ke3 Bc6 70.Kd4 Ba8
71.Bg5 Bc6 72.Kc4 Kd7 73.Kc3 Ke6 74.Kb4 Kd7 75.Bf6 Ke6 76.Bg5 Kd7 77.Kc4 Ba8
78.Kb5 Bc6+ 79.Kc4 Ke6  1/2-1/2

[Event "Chigorin Memorial Open"]
[Site "St Petersburg RUS"]
[Date "2011.10.19"]
[Round "6.66"]
[White "Bratus,P"]
[Black "Monin,N"]
[Result "0-1"]
[WhiteElo "2119"]
[BlackElo "2365"]

1.Nf3 Nf6 2.c4 g6 3.Nc3 Bg7 4.e4 d6 5.d4 O-O 6.Be2 Nbd7 7.O-O e5 8.d5 Ne8
9.Ne1 f5 10.Nd3 f4 11.Bg4 h5 12.Be6+ Kh7 13.f3 Ndf6 14.Bxc8 Qxc8 15.h3 g5
16.Bd2 Rg8 17.Kf2 Bh6 18.Ke2 g4 19.hxg4 hxg4 20.Rg1 Ng7 21.Be1 Ngh5 22.Bf2 c6
23.Rc1 Ng3+ 24.Kd2 Rg7 25.Rc2 Rc7 26.Kc1 cxd5 27.cxd5 Qd7 28.Kb1 Ngh5 29.Re1 Bg5
30.Rc1 Kg6 31.a4 g3 32.Bg1 Ne8 33.Qb3 Bd8 34.Re2 Nhf6 35.Rec2 Rcc8 36.Nb5 a6
37.Na3 Rxc2 38.Qxc2 Ng8 39.Nc4 Kh7 40.Nb6 Bxb6 41.Bxb6 Ne7 42.Qb3 Kg7 43.Rc4 Nc8
44.Rb4 Nxb6 45.Rxb6 Ra7 46.Qb4 a5 47.Qb3 Qc7 48.Rb5 Nf6 49.Qd1 Ra8 50.Rb3 Rc8
51.Rc3 Qd7 52.Rxc8 Qxc8 53.Qc2 Qxc2+ 54.Kxc2 Nxe4  0-1

[Event "Chigorin Memorial Open"]
[Site "St Petersburg RUS"]
[Date "2011.10.20"]
[Round "7.20"]
[White "Volkov,Sergey1"]
[Black "Kalegin,E"]
[Result "1-0"]
[WhiteElo "2614"]
[BlackElo "2467"]

1.d4 Nf6 2.Nf3 g6 3.c4 Bg7 4.Nc3 O-O 5.e4 d6 6.Be2 e5 7.Be3 exd4 8.Nxd4 Re8
9.f3 c6 10.Bf2 d5 11.exd5 cxd5 12.O-O Nc6 13.c5 Nh5 14.Qd2 Be5 15.g3 Ng7
16.Rfe1 Ne6 17.Nxe6 Bxe6 18.f4 Bxc3 19.bxc3 Bf5 20.Rad1 Be4 21.c4 d4 22.Bxd4 Nxd4
23.Qxd4 Qa5 24.Bf1 Bc6 25.Rxe8+ Rxe8 26.Qf2 Qc3 27.f5 gxf5 28.Qxf5 Qe3+ 29.Qf2 Qxf2+
30.Kxf2 Re5 31.Bd3 Rxc5 32.Ke3 Re5+ 33.Kd4 f6 34.Rf1 Kg7 35.Rf5 Re7 36.Rf4 Be8
37.Be4 b6 38.Bd5 Bg6 39.c5 bxc5+ 40.Kxc5 Bf7 41.Rg4+ Kf8 42.Bb3 Bxb3 43.axb3 Kf7
44.Ra4 Kg6 45.b4 h5 46.b5 Kg5 47.Ra6 Rf7 48.Ra4 Rc7+ 49.Kd6 Rb7 50.Ra5 Kg4
51.Kc6 Rb6+ 52.Kc5 Rb7 53.Ra4+ Kg5 54.Rf4 Rc7+ 55.Kd6 Rb7 56.Kc6 Rb6+ 57.Kc5 Rb7
58.h4+ Kg6 59.Rf3 Rc7+ 60.Kb4 Rg7 61.Ka5 f5 62.Ka6 Kf6 63.Re3 Rf7 64.Re8 f4
65.gxf4 Kf5 66.Ra8 Kg4 67.Rxa7 Rxf4 68.b6 Rb4 69.Rg7+ Kxh4 70.b7  1-0

[Event "49th ch-IND NatA"]
[Site "Aurangabad IND"]
[Date "2011.10.21"]
[Round "13"]
[White "Shyam,SM"]
[Black "Thipsay,P"]
[Result "1/2-1/2"]
[WhiteElo "2457"]
[BlackElo "2433"]

1.d4 Nf6 2.c4 g6 3.Nc3 Bg7 4.e4 d6 5.Nf3 O-O 6.Be2 e5 7.O-O Nbd7 8.Be3 c6
9.d5 c5 10.Ne1 a6 11.Kh1 Kh8 12.Rb1 Ng8 13.Nd3 Bh6 14.Bxh6 Nxh6 15.Qd2 Kg7
16.b4 b6 17.a4 a5 18.bxc5 bxc5 19.Nb5 Ra6 20.f4 f6 21.fxe5 Nxe5 22.Nxe5 fxe5
23.Rxf8 Qxf8 24.Nc7 Ra7 25.Ne6+ Bxe6 26.dxe6 Qe7 27.Rb6 Qxe6 28.Qxd6 Qxd6
29.Rxd6 Rb7 30.Kg1 Rb4 31.Rd5 Nf7 32.Rxc5 Rxa4 33.Kf2 Ra2 34.Ke3 a4 35.Ra5 a3
36.c5 Nd8 37.Ra7+ Kh6 38.Bc4 Rxg2 39.Bg8 Kg5 40.Rxh7 a2 41.Ra7 Rc2 42.Rxa2  1/2-1/2

[Event "ch-CRC 2011"]
[Site "San Jose CRC"]
[Date "2011.10.21"]
[Round "4"]
[White "Duran Vega,S"]
[Black "Valdes,Le"]
[Result "0-1"]
[WhiteElo "2211"]
[BlackElo "2387"]

1.d4 d6 2.Nf3 Nf6 3.c4 g6 4.Nc3 Bg7 5.e4 O-O 6.Be2 e5 7.O-O exd4 8.Nxd4 Re8
9.f3 c6 10.Kh1 Nbd7 11.Nc2 Ne5 12.Be3 a6 13.f4 Neg4 14.Bg1 Qe7 15.Bf3 h5
16.Qd3 Be6 17.h3 b5 18.b3 bxc4 19.bxc4 Nd7 20.Rab1 Nc5 21.Bxc5 dxc5 22.e5 Red8
23.Qe2 Rac8 24.Ne4 Nh6 25.Nd6 Rxd6 26.exd6 Qxd6 27.g3 Bxh3 28.Rfd1 Qc7 29.Qf2 Bf5
30.Rd2 h4 31.Rb3 hxg3 32.Qxg3 Bxc2 33.Rxc2 Nf5 34.Qg4 Nd4 35.Rg2 Nxb3 36.axb3 Re8
37.Be2 Re4 38.Rh2 Qxf4 39.Qc8+ Bf8 40.Qxc6 Qc1+  0-1

[Event "Chigorin Memorial Open"]
[Site "St Petersburg RUS"]
[Date "2011.10.21"]
[Round "8.50"]
[White "Tunik,G"]
[Black "Duzhakov,I"]
[Result "1-0"]
[WhiteElo "2412"]
[BlackElo "2325"]

1.d4 Nf6 2.c4 g6 3.Nc3 Bg7 4.e4 d6 5.Nf3 O-O 6.Be2 e5 7.Be3 exd4 8.Nxd4 Re8
9.f3 c6 10.Bf2 d5 11.exd5 cxd5 12.O-O Nc6 13.c5 Nh5 14.Qd2 Be5 15.g3 Ng7
16.Rfe1 Be6 17.Nxe6 Nxe6 18.Qxd5 Qxd5 19.Nxd5 Rad8 20.Nc3 Rd2 21.Rab1 Ng5
22.Kf1 Bd4 23.Bxd4 Nxd4 24.f4 Ngf3 25.Bxf3 Rxe1+ 26.Rxe1 Nxf3 27.Re2 Nxh2+
28.Kg2 Rxe2+ 29.Nxe2 Ng4 30.Nc3 Ne3+ 31.Kf3 Nf5 32.g4 Nd4+ 33.Ke4 Ne6 34.b4 h5
35.gxh5 gxh5 36.f5 Nc7 37.Nd5 Nxd5 38.Kxd5 h4 39.Ke4 h3 40.Kf3 Kg7 41.b5 Kf6
42.a4 Kxf5 43.a5 Ke6 44.c6 b6 45.axb6 axb6 46.Kg3 Kd6 47.Kxh3 Kc7 48.Kg4 Kc8
49.Kf5 Kc7 50.Kf6 Kc8 51.Kxf7 Kd8 52.Ke6 Kc8 53.c7 Kxc7 54.Ke7 Kc8 55.Kd6 Kb7
56.Kd7 Ka7 57.Kc7 Ka8 58.Kxb6 Kb8 59.Ka6  1-0

[Event "Chigorin Memorial Open"]
[Site "St Petersburg RUS"]
[Date "2011.10.21"]
[Round "8.106"]
[White "Matsenko,A"]
[Black "Sazonova,A"]
[Result "1-0"]
[WhiteElo "2116"]
[BlackElo "1963"]

1.d4 Nf6 2.c4 g6 3.Nc3 Bg7 4.e4 d6 5.Nf3 O-O 6.Be2 e5 7.Be3 Ng4 8.Bg5 f6
9.Bh4 g5 10.Bg3 Nh6 11.h3 Nd7 12.Qd2 f5 13.dxe5 f4 14.Bh2 Nxe5 15.O-O-O Be6
16.Nxe5 Bxe5 17.f3 a6 18.a3 c6 19.Bg1 b5 20.cxb5 axb5 21.Bd4 Bb3 22.Rdg1 Qf6
23.Bxe5 Qxe5 24.h4 g4 25.Bd1 Be6 26.Bc2 g3 27.Rd1 Rad8 28.Qd4 Nf7 29.Ne2 Bc4
30.Rhe1 c5 31.Qd2 Bxe2 32.Qxe2 Rb8 33.Rd5 Qf6 34.Rf5 Qh6 35.Qd2 Ne5 36.Qd5+ Kh8
37.Bb3 Rxf5 38.exf5 Qf6 39.Re4 c4 40.Bc2 Rd8 41.Rxf4 Qh6 42.Qd4 Qf6 43.Qd5 Qh6
44.Qd2 Rg8 45.Qd4 Qf6 46.Kb1 Rc8 47.Qc3 d5 48.Rd4 Rd8 49.Rd1 Kg7 50.Qe1 Kf7
51.Qxg3 d4 52.Re1 Re8 53.Be4 Rd8 54.f4 Nd3 55.Bxd3 cxd3 56.Qxd3 Qxh4 57.g3 Qf6
58.Re6 Qg7 59.Rb6 Kg8 60.Rxb5 Qe7 61.Re5 Qb7 62.f6 Qf7 63.Rg5+  1-0

[Event "Chigorin Memorial Open"]
[Site "St Petersburg RUS"]
[Date "2011.10.21"]
[Round "8.16"]
[White "Kovalenko,I"]
[Black "Levin,Ev"]
[Result "1-0"]
[WhiteElo "2578"]
[BlackElo "2481"]

1.d4 Nf6 2.c4 g6 3.Nc3 Bg7 4.e4 d6 5.Be2 O-O 6.Nf3 e5 7.d5 a5 8.Bg5 h6 9.Bh4 Na6
10.Nd2 Bd7 11.O-O Qe8 12.Bxf6 Bxf6 13.Bg4 Nc5 14.Bxd7 Qxd7 15.Nb3 Be7 16.Nxc5 dxc5
17.Qd2 Bg5 18.Qd3 f5 19.Qh3 Qg7 20.Rad1 Be7 21.Rd3 Kh7 22.Re1 Bd6 23.Kf1 Rf6
24.Re2 Raf8 25.Ke1 f4 26.f3 h5 27.Rf2 g5 28.g4 h4 29.Qf1 Ra8 30.Nb5 Qd7 31.Rc2 Rff8
32.Qe2 Ra6 33.Ra3 Rfa8 34.Ra4 Kg7 35.Qd2 Kf6 36.Rc3 b6 37.h3 Ke7 38.Rc1 Kf6
39.Ra1 Ke7 40.Kd1 Kf6 41.Kc2 Ke7 42.Qe1 Kf6 43.a3 Qc8 44.b3 Ke7 45.Kb2 Qb7
46.Qd2 Qc8 47.Ra2 Qb7 48.Kb1 Qc8 49.Qb2 Kf6 50.Qa1 Qb7 51.Qb2 Qc8 52.Qc2 Qb7
53.Nc3 R8a7 54.Ne2 Qa8 55.Qb2 Qe8 56.Nc1 Qa8 57.Qc3 Qe8 58.Nd3 Qa8 59.Qc2 Ke7
60.Qb2 Kf6 61.b4 axb4 62.Rxa6 Rxa6 63.axb4 cxb4 64.Nxb4 Bxb4 65.Rxa6 Qxa6
66.Qxb4 Kf7 67.Kb2 Ke8 68.Kb3 Kd8 69.Qa3 Qxa3+ 70.Kxa3 Kd7 71.Ka4 c6 72.dxc6+ Kxc6
73.Kb4  1-0

[Event "Chigorin Memorial Open"]
[Site "St Petersburg RUS"]
[Date "2011.10.21"]
[Round "8.42"]
[White "Bazeev,G"]
[Black "Kovalev,Vl"]
[Result "0-1"]
[WhiteElo "2291"]
[BlackElo "2452"]

1.Nf3 Nf6 2.c4 g6 3.Nc3 Bg7 4.e4 d6 5.d4 O-O 6.Be2 e5 7.O-O exd4 8.Nxd4 Re8
9.f3 c6 10.Nc2 Na6 11.Rb1 d5 12.cxd5 cxd5 13.Bb5 Bd7 14.Bxa6 bxa6 15.Bg5 Bb5
16.Nxb5 axb5 17.Bxf6 Bxf6 18.Qxd5 Qxd5 19.exd5 Rad8 20.Rbd1 Re5 21.Nb4 Rd6
22.Rf2 a5 23.f4 Rh5 24.g4 Rh4 25.Nc6 Rxg4+ 26.Kf1 a4 27.Ne5 Rh4 28.Kg2 Kg7
29.Kf3 Rh3+ 30.Ke4 Bd8 31.Nc6 f5+ 32.Ke5 Bc7 33.Kd4 Bb6+ 34.Ke5 Bc7 35.Kd4 Bb6+
36.Ke5 Rxd5+ 37.Rxd5 Bxf2 38.Rxb5 Rxh2 39.Rb7+ Kh6 40.Ne7 Kh5 41.Ng8 Bh4
42.Rxh7+ Kg4 43.Nh6+ Kg3 44.Rg7 Re2+ 45.Kd5 Kxf4 46.Rxg6 Rxb2 47.Rc6 Rd2+
48.Ke6 Re2+ 49.Kd5 Re5+ 50.Kd4 Bf2+ 51.Kd3 Kf3 52.Ra6 a3 53.Nxf5 Rxf5 54.Rxa3 Rd5+
55.Kc4+ Ke4 56.Ra8 Rc5+ 57.Kb4 Rc1 58.Re8+ Kd3 59.a4 Rb1+ 60.Ka5 Kc4 61.Rc8+ Bc5
62.Rc7 Rb8 63.Ka6 Ra8+ 64.Kb7 Rxa4 65.Rd7 Kb5 66.Rc7 Re4 67.Rd7 Re8 68.Rc7 Bd6
69.Rd7 Re6 70.Rh7 Bc5 71.Kc8 Rc6+ 72.Kd8 Kc4 73.Rd7 Rh6 74.Ke8 Bd6 75.Kf7 Kd5
76.Kg7 Rh1 77.Rf7 Rg1+ 78.Kh6 Ke4 79.Kh5 Be5 80.Kh6 Bf4+ 81.Kh7 Ke5 82.Rg7 Rh1+
83.Kg8 Ke6 84.Rg6+ Kf5 85.Rc6 Be5 86.Kf7 Rh7+ 87.Ke8 Bf6 88.Rc5+ Kg6 89.Rc6 Rb7
90.Rc8 Be5 91.Rc6+ Kf5 92.Kd8 Ke4 93.Kc8 Rb1 94.Ra6 Kd5 95.Ra7 Rb8+ 96.Kd7 Bd6
97.Ra5+ Bc5 98.Kc7 Rf8 99.Ra6 Rf7+ 100.Kb8 Bd6+ 101.Kc8 Rc7+ 102.Kb8 Be5
103.Ka8 Kc5 104.Ra7 Rc8+ 105.Kb7 Rb8+ 106.Ka6 Rb6+ 107.Ka5 Rb1  0-1

[Event "Chigorin Memorial Open"]
[Site "St Petersburg RUS"]
[Date "2011.10.21"]
[Round "8.105"]
[White "Bratus,P"]
[Black "Nasybullina,Alfia"]
[Result "1-0"]
[WhiteElo "2119"]
[BlackElo "1978"]

1.Nf3 Nf6 2.c4 g6 3.Nc3 Bg7 4.d4 O-O 5.e4 d6 6.Be2 e5 7.O-O exd4 8.Nxd4 Re8
9.f3 c6 10.Nc2 Be6 11.Ne3 Na6 12.Kh1 Nc7 13.f4 d5 14.cxd5 cxd5 15.e5 d4 16.Nb5 dxe3
17.Qxd8 Rexd8 18.Nxc7 Nd5 19.Nxa8 Rxa8 20.Bc4 Nb4 21.Bxe6 fxe6 22.Bxe3 Nc2
23.Rae1 Nxe1 24.Rxe1 Bf8 25.g3 b6 26.Rc1 Be7 27.Rc7 Kf8 28.Kg2 h5 29.Kf3 Bd8
30.Rc6 Ke7 31.Ke4 Kd7 32.Rc2 Be7 33.h3 Rc8 34.Rxc8 Kxc8 35.a4 Kd7 36.g4 hxg4
37.hxg4 Bb4 38.f5 gxf5+ 39.gxf5 exf5+ 40.Kxf5 Be7 41.Bg5 Bc5 42.e6+ Ke8 43.Ke5 Bf2
44.Kd5 Bg1 45.Kc6 Bf2 46.b3 Bd4 47.Kb7 a5 48.Kc6 Bf2 49.Bf6 Be3 50.Kd5 Bd2
51.Bd4 Kd8 52.Bxb6+ Ke7 53.Bc5+ Kd8 54.Kc6 Bc3 55.Bd6 Bd2 56.Kb5 Bc3 57.Bc5 Ke8
58.Bb6 Ke7 59.Bxa5 Be5 60.Kc6  1-0